[Event "San Pedro de la Paz-B"]
[Site "San Pedro de la Paz"]
[Date "2022.03.09"]
[Round "3"]
[White "Bermedo Mundaca, Tomas"]
[Black "Cerda Rodriguez, Angelo"]
[Result "1-0"]
[WhiteElo "1492"]
[BlackElo "1666"]
[PlyCount "65"]
[EventDate "2022.03.07"]
[EventType "tourn"]
[EventRounds "9"]
[EventCountry "CHI"]
[SourceTitle "CBM 207 Extra"]
[Source "ChessBase"]
[SourceDate "2022.05.31"]
[SourceVersion "1"]
[SourceVersionDate "2022.05.31"]
[SourceQuality "1"]

1. e4 e5 2. Nf3 Nc6 3. d4 exd4 4. Nxd4 Nf6 5. Nc3 Bb4 6. Bg5 h6 7. Bh4 Qe7 8. f3 d5 9. Nxc6 bxc6 10. Qd4 g5 11. Bg3 0-0 12. 0-0-0 Be6 13. h4 c5 14. Qe5 Bxc3 15. Qxc3 d4 16. Qd2 Nh7 17. hxg5 hxg5 18. f4 f6 19. e5 fxe5 20. fxe5 Rad8 21. Bd3 Bf5 22. Rh2 Qe6 23. b3 Bxd3 24. Qxd3 Qf5 25. Qc4+ Rf7 26. Rdh1 Kh8 27. e6 Rg7 28. Qe2 d3 29. cxd3 Kg8 30. Kc2 Re8 31. Rh6 Rge7 32. Qh5 a6 33. Rg6+ 1-0